Les saints dans les rues de Paris ! 4 - Statistiques

Statistiques générales
  • Ce quiz a été pris 14 fois
  • Le résultat moyen est 6 sur 27
Statistiques - réponses
Hint Réponse % Correct
St Philippe du Roule 8e
90%
St Placide 6e
60%
St Lambert 15e
50%
St Merri 4e
50%
St Germain des Prés 6e
50%
St Sabin 11e
30%
St Didier 16e
30%
St Ouen 17e
30%
St Ferdinand 17e
30%
Ste Avoie 3e
30%
St Rustique 18e
20%
St Antoine 4e
20%
St Bon 4e
20%
St Victor 5e
20%
St Médard 5e
20%
Ste Marie 12e
10%
St Jean 17e
10%
St Bruno 18e
10%
Ste Anastasie 3e
10%
St Martin 3e
10%
Ste Croix 4e
10%
St Marcel 5e
10%
St Jamas 16e
0%
St Just 17e
0%
St Pierre 17e
0%
St Ange 17e
0%
St Romain 6e
0%
Aucun quiz correspondant
Distribution des résultats
% des personnes avec chaque résultat
Percentile par nombre de réponses
Votre historique - résultats
Vous n’avez pas pris ce quiz